Captain (Record no. 74567)

MARC details
000 -LEADER
fixed length control field 00645 2200193 4500
005 - DATE AND TIME OF LATEST TRANSACTION
control field 20120728093426.0
008 - FIXED-LENGTH DATA ELEMENTS--GENERAL INFORMATION
fixed length control field 120728t xxu||||| |||| 00| 0 eng d
041 ## - Language Code
Language code of text/sound track or separate title Malayalam
080 ## - UNIVERSAL DECIMAL CLASSIFICATION NUMBER
Universal Decimal Classification number 92(MAH)=M
Item number VIS
100 ## - MAIN ENTRY--PERSONAL NAME
Personal name Vishwanath, K
245 ## - TITLE STATEMENT
Title Captain
Remainder of title mahendra singh dhoni: cricketum Jeevithavum
300 ## - PHYSICAL DESCRIPTION
Extent 86p.
653 ## - INDEX TERM--UNCONTROLLED
Uncontrolled term Malayalam-biography literature
653 ## - INDEX TERM--UNCONTROLLED
Uncontrolled term Cricket
942 ## - ADDED ENTRY ELEMENTS (KOHA)
item type Books
260 ## - PUBLICATION, DISTRIBUTION, ETC. (IMPRINT)
Name of publisher, distributor, etc Mathrubhumi books
Date of publication, distribution, etc 2010
Place of publication, distribution, etc Kozhikode
020 ## - INTERNATIONAL STANDARD BOOK NUMBER
International Standard Book Number 9788182649378
260 ## - PUBLICATION, DISTRIBUTION, ETC. (IMPRINT)
-- 17636
Holdings
Lost status Source of classification or shelving scheme Not for loan Home library Current library Shelving location Date acquired Cost, normal purchase price Total Checkouts Full call number Barcode Date last seen Cost, replacement price Price effective from Koha item type
  Universal Decimal Classification   University Library University Library General Stacks 08/02/2012 0.00   92(MAH)=M VIS 00067189 08/02/2012 0.00 08/02/2012 Books
University Library, CUSAT